Figure e tutele contrattuali fra diritto romano e contemponeità giuridica

-д хадгалсан:
Номзүйн дэлгэрэнгүй
Үндсэн зохиолч: Garofalo, Luigi (autor)
Формат: Ном
Хэл сонгох:итали
Хэвлэсэн: Santiago de Compostela Andavira 2015
Хэвлэл:1a. ed
Цуврал:Colección Ciencia y Pensamiento Jurídico. Estudio y Análisis Juridicos
Нөхцлүүд:
Шошгууд: Шошго нэмэх
Шошго байхгүй, Энэхүү баримтыг шошголох эхний хүн болох!

MARC

LEADER 00000cam a2200000 a 4500
001 UCD3358
003 CL-VaPUC
008 160603e20150000sp |||||||||||||||||ita|d
020 |a 9788484088868 
082 0 4 |a 340.54  |b GAR  |2 21 
100 |a Garofalo, Luigi  |e autor  |9 620502 
245 1 0 |a Figure e tutele contrattuali fra diritto romano e contemponeità giuridica 
250 |a 1a. ed 
300 |a 319 p 
942 |c BK 
945 |d 20160603 11:43:00  |a arojas 
260 |a Santiago de Compostela  |b Andavira  |c 2015 
650 0 |a Derecho romano  |9 255930 
650 0 |a Contratos  |9 255153 
650 0 |a Jurisprudencia  |9 255952 
583 |a last modification  |c 20160603 11:43:00  |k Rodrigo Vera 
490 0 |a Colección Ciencia y Pensamiento Jurídico. Estudio y Análisis Juridicos 
999 |c 364394  |d 364392 
952 |0 0  |1 0  |3 erb  |4 0  |6 340_540000000000000_GAR_2015  |7 0  |8 A  |9 477557  |a BIBDER  |b BIBDER  |i 5288371  |o 340.54 GAR 2015  |p 5288371  |r 2023-01-25  |w 2019-11-24  |y BK  |z Catalogado en:20160603  |k DER